000 004640000a22001930004500
999 _c47293
_d47293
001 33
003 CO-MdFUSB
005 20170810163509.0
008 170810b xxu||||| |||| 00| 0 eng d
020 _a958-04-6884--2
040 _cCO-MdBIC
082 0 4 _a863C B862nm
100 1 _aChichester C., Emma
245 1 0 _aNo más besos / Emma Chichester Clark
260 _aBogotá : Norma
300 _a[ 32 Pag.]
650 1 4 _aLiteratura infantil
942 _cLGB